Structural analysis

Saved in:
Bibliographic Details
Main Author: KASSIMALI, Aslam
Format: Book
Language:English
Published: Cengage Learning 2011
Tags: Add Tag
No Tags, Be the first to tag this record!

MARC

LEADER 00000nam a22000007a 4500
008 210125b ||||| |||| 00| 0 eng d
020 |a 978-0-495-29567-9 
100 |a KASSIMALI, Aslam. 
245 |a Structural analysis  |c KASSIMALI, Aslam.  |g xvi, 875p.: ill. 
250 |b 4th ed. 
260 |b Cengage Learning  |c 2011  |h Camberra, Australia  |i 691363   |i 691364   |l TA642 .K15  |m Structural analysis (Engineering). 
500 |a “It includes index”. 
942 |a lcc  |c BK  |e Adeniran, F. A  |f 25/01/2021 
952 |0 0  |1 0  |2 lcc  |4 0  |6 TA0642 K15  |7 0  |9 1692  |a HOL  |b TL  |c QZ  |d 2021-01-25  |l 0  |o TA642 .K15  |p 2021-0474  |r 2021-01-25 00:00:00  |w 2021-01-25  |y BK 
952 |0 0  |1 0  |2 lcc  |4 0  |6 TA0642 K15  |7 0  |9 1698  |a HOL  |b HOL  |c QZ  |d 2021-01-25  |l 0  |o TA642 .K15  |p 2021-0480  |r 2021-01-25 00:00:00  |w 2021-01-25  |y BK 
999 |c 899  |d 899